000
00256nam a2200097Ia 4500
008
220204s9999 xx 000 0 und d
082
_a
093
_b
MIL.7
245
0
_a
Milestones of history. 07. Twilight of princes
260
_a
USA
_b
George Weidenfeld
942
_c
BK
999
_c
36003
_d
36003